| 000 | 01059nam a22003017a 4500 | ||
|---|---|---|---|
| 999 |
_c17824 _d17796 |
||
| 003 | EG-ScBUE | ||
| 005 | 20210527110321.0 | ||
| 008 | 131210s2013 ua f 000 f ara d | ||
| 017 | _a2013/14643 | ||
| 020 | _a9789774278358 | ||
| 040 |
_aEG-ScBUE _bara _erda _cEG-ScBUE _dEG-ScBUE |
||
| 082 | 0 | 4 |
_a892.737 _bج ن د _222 |
| 100 | 1 |
_934592 _aالجندي، عمرو، _d1983- _eمؤلف. |
|
| 245 | 1 | 0 |
_a313 : _bرواية / _cعمرو الجندي. |
| 246 | 3 |
_aثلاثمائة وثلاثة عشر : _bرواية |
|
| 250 | _aالطبعة الأولى. | ||
| 264 | 1 |
_aالقاهرة : _bالدار المصرية اللبنانية، _c2013. |
|
| 300 |
_a383 صفحة ؛ _c20 سم |
||
| 336 |
_2rdacontent _aنص _btxt |
||
| 337 |
_2rdamedia _aبدون وسيط _bn |
||
| 338 |
_2rdacarrier _aمجلد _bnc |
||
| 590 | _aBook for the road program. | ||
| 650 | 7 |
_934544 _aالقصص العربية _zمصر _yقرن 21. _2BUEsh |
|
| 651 | _2BUEsh | ||
| 653 |
_cDecember2013 _bARALIT |
||
| 655 |
_vReading book _934232 |
||
| 942 |
_2ddc _cBB _k813.03 ج ن د |
||